| 000 | 00870nam1a22002531i 4500 | ||
|---|---|---|---|
| 001 | v19\rc\1193238 | ||
| 005 | 20241225154029.0 | ||
| 035 | _a(NLR Aleph) 004360798 | ||
| 090 |
_a3370702 _c3370702 |
||
| 100 | _a20060306g18541857|||y0rusy50 ca | ||
| 101 | 0 | _arus | |
| 102 | _aRU | ||
| 105 | _ay z ||||| | ||
| 135 | _acogo 008apabr | ||
| 200 | 1 |
_aРоссийская родословная книга, издаваемая князем Петром Долгоруковым _eЧ. 1-4 |
|
| 210 |
_aСанкт-Петербург _cтип. К. Вингебера _d1854-1857 |
||
| 215 | _d23 | ||
| 700 | 1 |
_aДолгоруков _bП.В. _f1816/17-1868 _gПетр Владимирович |
|
| 801 | 0 |
_aRU _bNLR _gpsbo |
|
| 801 | 1 |
_aRU _bProSoft-M _2rusmarc |
|
| 852 |
_aNLR _jШифры разные |
||
| 942 | _cBOOK | ||
| 980 | _aGENEAL01 | ||